Principy integrovaného návrhu fasádních plášťů na vícepodlažních budovách

Saved in:
Bibliographic Details
Main Author: Pavlík, Miloslav (Author)
Format: Manuscript Book
Language:Czech
Published: Brno : Vysoké učení technické v Brně, 2008
Tags: Add Tag
No Tags, Be the first to tag this record!

MARC

LEADER 00000ntm a22000003a 4500
001 stu242693
005 20150617230140.7
008 120201s2008----xr------------------cze-d
020 |a 978-80-214-3761-6 
040 |a STU  |b slo 
041 0 |a cze 
044 |a xr 
100 1 |a Pavlík, Miloslav  |4 aut 
245 1 |a Principy integrovaného návrhu fasádních plášťů na vícepodlažních budovách 
260 |a Brno :  |b Vysoké učení technické v Brně,  |c 2008 
300 |a 31 s 
996 |b 284V031705  |c V*9248/K-2334  |l VVT  |s A  |a 24  |w stu242693_0001